000
00315nam a2200133Ia 4500
100
_a
Subbarao/ W.V.
942
_c
RB
654
_a
Microprocessors
245
_a
Microprocessors :Hardware & Softwares & Design Applications
260
_b
P.H.
_a
Verginia
_c
1984
300
_a
332
546
_a
ENGLISH
999
_c
32494
_d
32494